Every African Country's Top Goalscorer - Statistics

General Stats
  • This quiz has been taken 30 times
  • The average score is 6 of 54
Answer Stats
Country Goals scored Player % Correct
Ivory Coast 65 Didier Drogba
85%
Cameroon 56 Samuel Eto'o
85%
Senegal 53* Sadio Mané
63%
Liberia 18 George Weah
56%
Gabon 40* Pierre-Emerick Aubameyang
48%
Togo 32 Emmanuel Adebayor
33%
Niger 22* Victorien Adebayor
33%
Ghana 51 Asamoah Gyan
30%
Algeria 45* Islam Slimani
30%
Equatorial Guinea 25* Emilio Nsue
19%
Egypt 69 Hossam Hassan
19%
Gambia 14* Musa Barrow
19%
South Africa 31 Benni McCarthy
11%
Benin 24 Stéphane Sessègnon
11%
Congo (Dem. Rep.) 22 Dieumerci Mbokani
7%
Guinea-Bissau 9 Nando Co
7%
Somalia 3 Abdullahi Mohamed/Mohamed Nur
4%
Morocco 36 Ahmed Faras
4%
Angola 39 Akwá
4%
Central African Republic 16* Louis Mafouta
4%
Mali 25 Seydou Keita
4%
Libya 40 Ali Al-Biski
0%
Mauritania 13 Bessam
0%
Mauritius 17 Daniel Imbert
0%
Comoros 20* El Fardou Ben Nabouhane
0%
Uganda 28 Emmanuel Okwi
0%
Chad 14* Ezechiel N'Douassel
0%
Burundi 19* Fiston Abdul Razak
0%
Ethiopia 33 Getaneh Kebede
0%
Zambia 79 Godfrey Chitalu
0%
Guinea 33 Ibrahima Kandia Diallo
0%
Tunisia 36 Issam Jemâa
0%
South Sudan 6* James Moga/Tito Okello
0%
Lesotho 15* Jane Thaba-Ntšo
0%
Botswana 24 Jerome Ramatlhakwane
0%
Malawi 71 Kinnah Phiri
0%
São Tomé and Príncipe 11 Luís Leal
0%
Sierra Leone 8* Mohamed Kallon/Kei Kamara
0%
Burkina Faso 34 Moumouni Dagano
0%
Tanzania 25 Mrisho Ngasa/Simon Msuva
0%
Sudan 27 Nasr Eddin Abbas
0%
Rwanda 24 Olivier Karekezi
0%
Madagascar 15 Paulin Voavy
0%
Zimbabwe 37 Peter Ndlovu
0%
Namibia 20* Peter Shalulile
0%
Seychelles 14 Philip Zialor
0%
Nigeria 37 Rashidi Yekini
0%
Cape Verde 22* Ryan Mendes
0%
Eswatini 17* Sabelo Ndzinisa
0%
Djibouti 10* Samuel Akinbinu
0%
Congo (Rep.) 16* Thievy Bifouma
0%
Mozambique 30 Tico-Tico
0%
Kenya 35 William Ouma
0%
Eritrea 6 Yidnekachew Shimangus
0%
No matching quizzes found
Score Distribution
Percent of People with Each Score
Percentile by Number Answered
Your Score History
You have not taken this quiz